Entrada Nombre personal
Número de registros utilizados en: 18
001 - NÚMERO DE CONTROL
- campo de control: 50420
003 - IDENTIFICADOR DEL NÚMERO DE CONTROL
- campo de control: BNPHU
005 - FECHA Y HORA DE LA ÚLTIMA TRANSACCIÓN
- campo de control: 20250219104747.0
008 - DATOS DE LONGITUD FIJA
- campo de control de longitud fija: 200615|| aca||aabn | a|a d
010 ## - NÚMERO DE CONTROL DE LA BIBLIOTECA DEL CONGRESO
- Número de control de LC: n 82129045
040 ## - FUENTE DE LA CATALOGACIÓN
- Centro catalogador/agencia de origen: DO-SdBNP
- Lengua de catalogación: spa
- Centro/agencia transcriptor: BNPHU
- Normas de descripción: rda
046 ## - FECHAS CON CODIFICACIÓN ESPECIAL
- Fecha de nacimiento: 1886
- Fecha de constitución : 1958-01-23
100 1# - ENCABEZAMIENTO-NOMBRE DE PERSONA
- Nombre de persona: Cipriano,
- Fechas asociadas al nombre: 1886-1958
- Títulos y otros términos asociados al nombre: de Utrera, fray,
370 ## - LUGAR ASOCIADO
- Lugar de nacimiento: Utrera (España)
- Lugar de fallecimiento: Madrid (España)
- Lugar de residencia/sede: Santo Domingo (República Dominicana)
372 ## - CAMPO DE ACTIVIDAD
- Campo de actividad: Historia
373 ## - GRUPO ASOCIADO
- Grupo asociado: Capuchinos
374 ## - OCUPACIÓN
- Ocupación: Historiadores
375 ## - GÉNERO/SEXO
- Género/Sexo: Masculino
377 ## - LENGUA/LENGUAJE ASOCIADO
- Código del idioma: spa
- Término de lengua/lenguaje: Español
400 1# - TRAZADO DE VÉASE--NOMBRE DE PERSONA
- Nombre de persona: Anjona y Cañete, Manuel Higinio del Sagrado Corazón de Jesús,
- Fechas asociadas al nombre: 1886-1958
400 1# - TRAZADO DE VÉASE--NOMBRE DE PERSONA
- Nombre de persona: Cañete, Manuel Higinio del Sagrado Corazón de Jesús Anjona y,
- Fechas asociadas al nombre: 1886-1958
400 0# - TRAZADO DE VÉASE--NOMBRE DE PERSONA
- Nombre de persona: Cipriano de Utrera,
- Fechas asociadas al nombre: 1886-1958
- Subcampo de control: nnaa
- Títulos y otros términos asociados al nombre: Padre,
400 0# - TRAZADO DE VÉASE--NOMBRE DE PERSONA
- Nombre de persona: Utrera, Cipriano de,
- Fechas asociadas al nombre: 1886-1958
- Títulos y otros términos asociados al nombre: fray,
670 ## - FUENTE DE DATOS ENCONTRADOS
- Cita de la fuente: Work cat.: (OSt)24077: Utrera, Cipriano de, 1886-1958, Noticias históricas de Santo Domingo /, 1978-1983.
670 ## - FUENTE DE DATOS ENCONTRADOS
- Cita de la fuente: https://authorities.loc.gov/cgi-bin/Pwebrecon.cgi?AuthRecID=546123&v1=1&HC=1&SEQ=20250219101915&PID=pvh6X44cOnaK7jDsKXwbTCt8SQjb Consultado en 19 de febrero, 2025
670 ## - FUENTE DE DATOS ENCONTRADOS
- Cita de la fuente: Su Heredia... 1939.
670 ## - FUENTE DE DATOS ENCONTRADOS
- Cita de la fuente: Cipriano, de Utrera, fray, 1886-1958. HIstoria militar de Santo Domingo, 2014:
- Información encontrada: portada (Fray Cipriano de Utrera (Capuchino)) solapas de portada y contraportada (Fray Cipriano de Utrera; nacido en Utrera, Sevilla, España, en 1886; fallecido el 23 de enero de 1958 en el convento de capuchinos de Antequera; originalmente se llamaba Manuel Higinio del Sagrado Corazón de Jesús Anjona y Cañete; llegó a Santo Domingo en 1910; historiador)
